Erase America by Second and Third Letters Quiz Stats

 Plays Quiz not verified by Sporcle

Score 0/42 Timer 02:00
0 Plays Today
% Correct
Canada
98.8%
Panama
98.3%
United States of America
98.3%
Brazil
97.2%
México
97.2%
Chile
95.2%
Argentina
94.8%
Bolivia
94.1%
Colombia
94.1%
Paraguay
92.6%

Barbados
.
.
92.5%
Martinique
(France)
92.5%
Peru
92.4%
Cuba
91.8%
Haiti
90.2%
Saint
Kitts
and
Nevis
90.1%
Saint Lucia
90.1%
St. Vincent
& Gren.
90.1%
Venezuela
89%
Uruguay
87.2%
Dominica
85.6%
% Correct
Dominican
Republic
85.4%
Guatemala
85%
Guadeloupe
(France)
84.8%
Honduras
84.5%
Mont-
serrat
(UK)
84.3%
Ecuador
84.2%
Belize
83.8%
Suriname
83.6%
El Salvador
82.9%
Nicaragua
82.9%

Jamaica
.
.
82.4%

Bahamas
.
82.1%
Grenada
81.4%
Greenland (Denmark)
81.3%
French Guiana (France)
81.3%
Guyana
81.3%
Costa Rica
81%
Trinidad
and
Tobago
76%
Antigua and
Barbuda
65.6%
Falkland Islands (UK)
56.2%
Puerto
Rico
(US)
.
55.4%

You're not logged in!

Compare scores with friends on all Sporcle quizzes.
OR
Log In

Sporcle TV

Today on Sporcle TV


Watch our educational content, quiz creation guides, and fun videos on Sporcle TV.

Show Comments

Extras

Top Quizzes Today


Score Distribution

Your Account Isn't Verified!

In order to create a playlist on Sporcle, you need to verify the email address you used during registration. Go to your Sporcle Settings to finish the process.

Report this User

Report this user for behavior that violates our Community Guidelines.

Details: